000 00414nam a22001697a 4500
003 MPLRDC
005 20220104114417.0
008 210129b ||||| |||| 00| 0 eng d
082 _a848.1 DMHL-3
100 _a端木蕻良著
245 _a端木蕻良小说选
_c
250 _a一版一刷
260 _a
_b湖南人民出版社
_c1982
300 _b
650 _a现代别集
942 _cBK
_o848.1 DMHL-3
999 _c7260
_d7250